000 01177cam a22003257a 4500
003 CHAP
005 20220329134833.0
008 971013s1985 r 00010 d
010 _a26727
011 _a27699
035 _a31800
040 _cCHAP
090 _aFolleto 10167
110 _aInstituto Mexicano de Comercio Exterior
_959249
245 0 _aCatálogo de productos mexicanos que importa República Dominicana, 1984
_b: empresas y productos
260 _aMéxico, D.F. :
_bInstituto Mexicano de Comercio Exterior
_c1985
300 _a61 p
590 _aBATCH-UPD
_b10
_c20130109
_lUCH01
_h2322
590 _aBATCH-UPD
_b10
_c20130110
_lUCH01
_h2248
590 _aBATCH-UPD
_b10
_c20130409
_lUCH01
_h1845
590 _aBATCH-UPD
_b10
_c20130410
_lUCH01
_h1542
590 _aBATCH-UPD
_b10
_c20130914
_lUCH01
_h1336
590 _aCONVERSION
_b10
_c20130109
_lUCH01
_h1315
650 1 4 _aExportación e importación
_xRepública Dominicana.
_939113
650 1 4 _aMéxico
_xComercio
_xRepública Dominicana.
_976706
650 1 4 _aRepública Dominicana
_xComercio
_xMéxico.
_996018
901 _aBK
942 _cFOLL
949 _aFolleto 10167
_bBC
_cFOLL
_d-73606
_eTS1
_i31800
_mD
_si
999 _c26727
_d26727